Statistics for The countries i have visited

Click here to take the quiz!

General Stats

  • This quiz has been taken 12 times
  • The average score is 7 of 10

Answer Stats

Answer% Correct
France
88%
Canada
88%
Germany
88%
UK
88%
USA
75%
Russia
75%
Spain
63%
Israel
63%
India
38%
Scotland
38%

Score Distribution

Percentile by Number Answered

Percent of People with Each Score

Your Score History

You have not taken this quiz